00354nam a2200169Ia 4500003000900000008004100009040001300050040001300063041000800076100001700084245003100101260001600132260000900148300001100157300001000168490000600178IT-RoPAU120407s9999 xx 000 0 und d aIT-RoPAU cIT-RoPAU aita aJacques Loew aGesù chiamato il Cristo. aMorcelliana c1971 a259 p. c21 cm v1